• 首页
  • 本馆介绍
  • 公告通知
  • 最新文献
  • 馆藏检索
  • 电子资源
  • 读者导购
  • 参考咨询
  • 我的图书馆
  • 登录
  • 详细信息显示
  • 放入我的书架
  • 预约/预借图书
  • 作者相关作品
  • 分类相关作品
  • 丛书相关作品
  • 出版社相关作品

书目信息

  • 表格格式
  • 工作单格式
  • 卡片格式
题名:
地下水开发与利用
    
 
作者: 戴长雷 编著
分册:  
出版信息: 北京   中国水利水电出版社  2015
页数: 216页
开本: 26cm
丛书名:
单 册:
中图分类: P641.8
科图分类:
主题词: 地下水资源--Di Xia Shui Zi Yuan--水资源开发--高等教育--教材 , 地下水资源--Di Xia Shui Zi Yuan--资源利用--高等教育--教材
电子资源:
ISBN: 978-7-5170-3689-0
000 01105nam0 22002651 450
001 349845
005 20161010155409.54
010    @a978-7-5170-3689-0@dCNY28.00
100    @a20151120d2015 em y0chiy50 ea
101 0  @achi
102    @aCN@b110000
105    @aa z 000yy
106    @ar
200 1  @a地下水开发与利用@ADi Xia Shui Kai Fa Yu Li Yong@f戴长雷[等]编著
210    @a北京@c中国水利水电出版社@d2015
215    @a216页@c图@d26cm
300    @a普通高等教育“十二五”规划教材
304    @a编著者还有:付强、杜新强、李治军、高淑琴、谷洪彪
330    @a本书主要阐述地下水开发过程中需要注意和解决的相关问题以及常用的地下水开发利用工程和特殊类型地下水的开发。全书共7章,主要内容包括地下水调查、地下水动态监测、地下水允许开采量评价、地下水水质评价、地下水开发利用工程、中国水文地质区划、地下水专论。
606 0  @a地下水资源@ADi Xia Shui Zi Yuan@x水资源开发@x高等教育@j教材
606 0  @a地下水资源@ADi Xia Shui Zi Yuan@x资源利用@x高等教育@j教材
690    @aP641.8@v5
701  0 @a戴长雷@ADai Chang Lei@f(1978~)@4编著
801  0 @aCN@bTANGWEI@20160802
905    @b0887050-4@dP641.8@e58@f5
    
    地下水开发与利用/戴长雷[等]编著.-北京:中国水利水电出版社,2015
    216页:图;26cm
    普通高等教育“十二五”规划教材
    
    ISBN 978-7-5170-3689-0:CNY28.00
    本书主要阐述地下水开发过程中需要注意和解决的相关问题以及常用的地下水开发利用工程和特殊类型地下水的开发。全书共7章,主要内容包括地下水调查、地下水动态监测、地下水允许开采量评价、地下水水质评价、地下水开发利用工程、中国水文地质区划、地下水专论。
●
相关链接 在E读中查询图书 在五车中查询图书 在当当中查询图书 在豆瓣中查询图书


正题名:地下水开发与利用     索取号:P641.8/58         预约/预借

序号 登录号 条形码 馆藏地/架位号 状态 备注
1 0887050   208870505   第二样本阅览室/ [索取号:P641.8/58] 在馆    
2 0887051   208870514   第三借阅区/ [索取号:P641.8/58] 在馆    
3 0887052   208870523   第三借阅区/ [索取号:P641.8/58] 在馆    
4 0887053   208870532   第三借阅区/ [索取号:P641.8/58] 在馆    
5 0887054   208870541   第三借阅区/ [索取号:P641.8/58] 在馆    
唐山师范学院图书馆 欢迎您!
大连网信软件有限公司© 版权所有